Statistics for Most Blocks In a Single NBA Game

Click here to take the quiz!

General Stats

  • This quiz has been taken 17 times
  • The average score is 18 of 34

Answer Stats

YearAnswerBlocks% Correct
1989Hakeem Olajuwon12
93%
1987Hakeem Olajuwon12
93%
1993Dikembe Mutombo12
86%
1987Manute Bol15
79%
1986Manute Bol15
79%
1985Manute Bol12
79%
1987Manute Bol12
79%
1989Manute Bol12
79%
1987Manute Bol12
79%
1990Manute Bol13
79%
1993Shaquille O'Neal15
79%
1983Mark Eaton12
64%
1986Mark Eaton12
64%
1983Mark Eaton13
64%
1985Mark Eaton12
64%
1989Mark Eaton14
64%
1985Mark Eaton14
64%
1984Mark Eaton12
64%
1990David Robinson12
57%
1973Elmore Smith17
43%
1973Elmore Smith14
43%
1973Elmore Smith14
43%
1998Shawn Bradley13
43%
1996Shawn Bradley12
43%
2015Hassan Whiteside12
29%
1983Ralph Sampson13
29%
1978George T. Johnson12
14%
1981George T. Johnson13
14%
2011Javale Mcgee12
14%
1974Nate Thurmond12
14%
1979Tree Rollins12
14%
1997Vlade Divac12
14%
1983Darryl Dawkins13
7%
2001Keon Clark12
0%

Score Distribution

Percentile by Number Answered

Percent of People with Each Score

Your Score History

You have not taken this quiz